000 00340nam a2200133Ia 4500
008 151001s9999||||xx |||||||||||||| ||und||
100 _aदेवेश दास
245 _aरक्तराग
250 _a1
260 _bव्हीनस प्रकाशन पुणे
260 _c1965
300 _a270
365 _b8.5
999 _c953859
_d953856